000 00562nam a2200229Ia 4500
003 OSt
005 20220928140058.0
006 a|||||r|||| 00| 0
007 ta
008 220927b |||||||| |||| 00| 0 eng d
024 _a6359
037 _cTextual
040 _aSDCL
_cSDCL
_beng
041 _2eng
_aeng
082 _aB262, N6
100 _aGardner B J
_9493761
245 0 _aRings and radicals
260 _c1996
700 _a Shaoxue Liu
_9493762
942 _hB262, N6
_cTEXL
_2CC
999 _c809615
_d809615